000 00327nam a22001457a 4500
003 OSt
008 250519b |||||||| |||| 00| 0 eng d
100 _aBEHAL, Vijay Kumar
245 _aBhawan Bhaskar
250 _a12th
260 _aNew Delhi
_bArya Prakashan
_c2012
300 _a104
650 _aGeneral
942 _2ddc
_cBK
999 _c13590
_d13590